Minecraft Guess The Mob 1 - Statistics

General Stats
  • This quiz has been taken 87 times
  • The average score is 8 of 10
Answer Stats
Type Spawn zone Hint Mob % Correct
Passive Overworld Drops food and something else Cow
91%
Passive Swamp His babys are really tiny and loves flies Frog
89%
Passive Villages Sleeps which you in bed if given a fish or 2 Cat
87%
Neutral End Don't look into his eyes Enderman
87%
Passive Jungle Cookies are really bad for him Parrot
86%
Hostile Overworld Can be everywhere (except mushroom island) Zombie
79%
Hostile Desert Only appears at night Husk
76%
Hostile Nether Is immune to fire and makes a noise when he jumps Magma cube
70%
Passive Overworld Loves flowers and uses them for something Bee
68%
Hostile Swamp Mossy bones Bogged
49%
No matching quizzes found
Score Distribution
Percent of People with Each Score
Percentile by Number Answered
Your Score History
You have not taken this quiz